[Event "Goiania FEXEG Cup"]
[Site "Goiania"]
[Date "2017.10.27"]
[Round "2"]
[White "Franca, Jairo"]
[Black "Juliani, Sidney"]
[Result "0-1"]
[WhiteElo "1617"]
[BlackElo "1845"]
[PlyCount "72"]
[EventDate "2017.10.27"]
[EventType "swiss"]
[EventRounds "6"]
[EventCountry "BRA"]
[SourceTitle "CBM 181 Extra"]
[Source "ChessBase"]
[SourceDate "2017.12.12"]
[SourceVersion "1"]
[SourceVersionDate "2017.12.12"]
[SourceQuality "1"]

1. e4 c5 2. Nf3 e6 3. d4 cxd4 4. Nxd4 a6 5. a4 Qc7 6. g3 Nf6 7. Bg2 Nc6 8. 0-0 Be7 9. c3 b6 10. Be3 Bb7 11. Nd2 h5 12. Bg5 Ne5 13. Qe2 Nfg4 14. Bxe7 Kxe7 15. h3 Nf6 16. f4 Nc6 17. N2b3 Rag8 18. Nxc6+ Bxc6 19. e5 Nd5 20. Nd4 h4 21. g4 g5 22. Nxc6+ dxc6 23. Bxd5 cxd5 24. f5 a5 25. f6+ Kd7 26. Qb5+ Qc6 27. Rfd1 Qxb5 28. axb5 Rc8 29. Ra4 Rc5 30. c4 Rhc8 31. Rd4 Rxc4 32. Rdxc4 Rxc4 33. Rxc4 dxc4 34. Kf2 c3 35. bxc3 a4 36. Ke2 a3 0-1

[Event "Goiania FEXEG Cup"]
[Site "Goiania"]
[Date "2017.10.27"]
[Round "1"]
[White "Juliani, Sidney"]
[Black "Garcia, Gabriel Gonzaga"]
[Result "0-1"]
[WhiteElo "1845"]
[BlackElo "2202"]
[PlyCount "52"]
[EventDate "2017.10.27"]
[EventType "swiss"]
[EventRounds "6"]
[EventCountry "BRA"]
[SourceTitle "CBM 181 Extra"]
[Source "ChessBase"]
[SourceDate "2017.12.12"]
[SourceVersion "1"]
[SourceVersionDate "2017.12.12"]
[SourceQuality "1"]

1. e4 c6 2. d4 d5 3. Nc3 dxe4 4. Nxe4 Nf6 5. Nxf6+ exf6 6. Bc4 Bd6 7. Qh5 0-0 8. Ne2 Nd7 9. 0-0 Nb6 10. Bd3 g6 11. Qf3 Be6 12. Be3 Re8 13. Ng3 f5 14. Ne2 Qc7 15. Nf4 Nd5 16. Nxd5 Bxh2+ 17. Kh1 Bxd5 18. Qh3 Bf4 19. Rfe1 Bxe3 20. Rxe3 f4 21. Qh2 Rac8 22. Rh3 f5 23. f3 Re3 24. Rh4 Rf8 25. Qxf4 Qxf4 26. Rxf4 Rxd3 0-1

[Event "Goiania zt"]
[Site "Goiania"]
[Date "2017.08.18"]
[Round "2"]
[White "Juliani, Sidney"]
[Black "Franca, Jairo Jr"]
[Result "0-1"]
[WhiteElo "1843"]
[BlackElo "1898"]
[PlyCount "46"]
[EventDate "2017.08.18"]
[EventType "swiss"]
[EventRounds "6"]
[EventCountry "BRA"]
[SourceTitle "CBM 180 Extra"]
[Source "ChessBase"]
[SourceDate "2017.10.06"]
[SourceVersion "1"]
[SourceVersionDate "2017.10.06"]
[SourceQuality "1"]

1. e4 c5 2. Nc3 Nc6 3. f4 e6 4. g3 d5 5. Bg2 d4 6. Nce2 Nf6 7. d3 e5 8. h3 Bd6 9. Nf3 Bd7 10. 0-0 Qc7 11. c3 dxc3 12. bxc3 0-0 13. fxe5 Nxe5 14. Be3 Rad8 15. Nxe5 Bxe5 16. Bf4 Bb5 17. Bxe5 Qxe5 18. Rf5 Qe6 19. Nf4 Qa6 20. d4 cxd4 21. cxd4 Qb6 22. Rc5 Bc6 23. Rb1 Rxd4 0-1

[Event "Brasilia Viva op"]
[Site "Brasilia"]
[Date "2017.05.01"]
[Round "7"]
[White "Juliani, Sidney"]
[Black "De Siqueira, Luigy Lira"]
[Result "1-0"]
[WhiteElo "1884"]
[BlackElo "1800"]
[PlyCount "73"]
[EventDate "2017.04.28"]
[EventType "swiss"]
[EventRounds "7"]
[EventCountry "BRA"]
[SourceTitle "CBM 178 Extra"]
[Source "ChessBase"]
[SourceDate "2017.06.22"]
[SourceVersion "1"]
[SourceVersionDate "2017.06.22"]
[SourceQuality "1"]

1. e4 e5 2. Nf3 Nc6 3. Bb5 a6 4. Ba4 Nf6 5. d3 b5 6. Bb3 Bc5 7. 0-0 d6 8. Be3 Bg4 9. Bxc5 dxc5 10. Nbd2 Nd4 11. Bxf7+ Kf8 12. Bb3 Nxb3 13. axb3 Qd6 14. h3 Bh5 15. Qe1 h6 16. Nh4 Qd4 17. Ra2 Qd7 18. Qe3 Qd4 19. Qg3 g5 20. Nhf3 Qd6 21. Nxe5 Kg7 22. f4 Be2 23. Rf2 Nh5 24. Qe3 gxf4 25. Qxe2 Qxe5 26. Qg4+ Kh7 27. Qd7+ Qg7 28. Qf5+ Qg6 29. Qxc5 Qb6 30. Qxh5 Rhg8 31. Qf5+ Kh8 32. Qe5+ Kh7 33. d4 Raf8 34. Nf3 c6 35. Nh4 Qd8 36. Nf5 Qg5 37. Qxf4 1-0

[Event "Brasilia Viva op"]
[Site "Brasilia"]
[Date "2017.04.30"]
[Round "4"]
[White "Japiassu, Ricardo de Villa No"]
[Black "Juliani, Sidney"]
[Result "1-0"]
[WhiteElo "1927"]
[BlackElo "1884"]
[PlyCount "93"]
[EventDate "2017.04.28"]
[EventType "swiss"]
[EventRounds "7"]
[EventCountry "BRA"]
[SourceTitle "CBM 178 Extra"]
[Source "ChessBase"]
[SourceDate "2017.06.22"]
[SourceVersion "1"]
[SourceVersionDate "2017.06.22"]
[SourceQuality "1"]

1. c4 Nf6 2. g3 g6 3. Bg2 Bg7 4. Nf3 0-0 5. 0-0 d6 6. Nc3 c6 7. Rb1 Bf5 8. d3 e5 9. b4 Nbd7 10. b5 d5 11. bxc6 bxc6 12. Nd2 Nb6 13. a4 a5 14. Ba3 Re8 15. c5 Nbd7 16. e4 Bg4 17. Qc2 d4 18. Na2 Bf8 19. Rb7 Be6 20. Rfb1 Rb8 21. Nc1 Rxb7 22. Rxb7 Qa8 23. Rb1 Rb8 24. Rxb8 Qxb8 25. Ncb3 Bh6 26. Nc4 Bxc4 27. Qxc4 Qa7 28. Bf3 Nf8 29. Bg2 Ne6 30. Bh3 Ng5 31. Bg2 Ne6 32. h4 Ne8 33. Bh3 N8c7 34. Bc1 Bxc1 35. Qxc1 Kg7 36. f4 exf4 37. gxf4 Na6 38. Bxe6 fxe6 39. Qc4 Nb4 40. Nxd4 Qf7 41. Nxe6+ Kh6 42. d4 Qf6 43. d5 Qa1+ 44. Kg2 cxd5 45. exd5 Qb2+ 46. Kg3 Nc2 47. f5 1-0

[Event "Caldas Novas op 1st"]
[Site "Caldas Novas"]
[Date "2017.03.11"]
[Round "4"]
[White "Mariano, Marceley Martins"]
[Black "Juliani, Sidney"]
[Result "0-1"]
[WhiteElo "2098"]
[BlackElo "1872"]
[PlyCount "80"]
[EventDate "2017.03.10"]
[EventType "swiss"]
[EventRounds "6"]
[EventCountry "BRA"]
[SourceTitle "CBM 177 Extra"]
[Source "ChessBase"]
[SourceDate "2017.04.27"]
[SourceVersion "1"]
[SourceVersionDate "2017.04.27"]
[SourceQuality "1"]

1. e4 c5 2. Nf3 e6 3. d4 cxd4 4. Nxd4 a6 5. Nc3 Qc7 6. Bd3 Nf6 7. Be3 b5 8. 0-0 Bb7 9. a3 Nc6 10. Qe2 Nxd4 11. Bxd4 Bc5 12. Bxc5 Qxc5 13. Kh1 Qg5 14. f4 Qh4 15. Qf2 Qh6 16. e5 Nd5 17. Ne4 0-0 18. Ng5 g6 19. Ne4 f6 20. Qg3 fxe5 21. fxe5 Nf4 22. Nf6+ Rxf6 23. exf6 Bxg2+ 24. Kg1 Bxf1 25. Rxf1 e5 26. Qg4 Rd8 27. Bf5 Qf8 28. Bxd7 Qxf6 29. Rd1 Kg7 30. b3 Qb6+ 31. Kf1 Qb7 32. Kf2 h5 33. Qf3 Rxd7 34. Qxb7 Rxb7 35. Rd6 Rc7 36. Rd2 g5 37. Ke3 Kf6 38. Rd6+ Ne6 39. Kd3 Kf5 40. Rxa6 Nc5+ 0-1

[Event "Brasilia Terraviva op"]
[Site "Brasilia"]
[Date "2017.01.08"]
[Round "6"]
[White "Baeta, Marcio Netto"]
[Black "Juliani, Sidney"]
[Result "1/2-1/2"]
[WhiteElo "2047"]
[BlackElo "1873"]
[PlyCount "78"]
[EventDate "2017.01.06"]
[EventType "swiss"]
[EventRounds "6"]
[EventCountry "BRA"]
[SourceTitle "CBM 176 Extra"]
[Source "ChessBase"]
[SourceDate "2017.03.02"]
[SourceVersion "1"]
[SourceVersionDate "2017.03.02"]
[SourceQuality "1"]

1. e4 c5 2. d4 cxd4 3. Nf3 e6 4. Nxd4 a6 5. g3 Nc6 6. Be3 Qc7 7. Bg2 Nf6 8. 0-0 Be7 9. c4 0-0 10. Nc3 Ne5 11. Bf4 d6 12. Rc1 b6 13. b3 Bb7 14. Qe2 Nfd7 15. Be3 g6 16. f4 Nc6 17. f5 Nxd4 18. Bxd4 Bf6 19. Be3 Rac8 20. fxe6 fxe6 21. Bh3 Rce8 22. Bh6 Bd4+ 23. Kg2 Rxf1 24. Kxf1 Ne5 25. Kg2 Nf7 26. Bd2 Qe7 27. Rf1 Ng5 28. Qg4 Nxh3 29. Kxh3 Qg7 30. Ne2 Bf6 31. Qf4 Be5 32. Qh4 h5 33. g4 Bxe4 34. Ng3 Bxg3 35. Qxg3 hxg4+ 36. Kxg4 Bf5+ 37. Kg5 e5 38. Rxf5 gxf5+ 39. Kxf5 Qxg3 1/2-1/2

[Event "Brasilia Terraviva op"]
[Site "Brasilia"]
[Date "2017.01.06"]
[Round "2"]
[White "Dos Santos, Haroldo Cunha Jr"]
[Black "Juliani, Sidney"]
[Result "1-0"]
[WhiteElo "2148"]
[BlackElo "1873"]
[PlyCount "45"]
[EventDate "2017.01.06"]
[EventType "swiss"]
[EventRounds "6"]
[EventCountry "BRA"]
[SourceTitle "CBM 176 Extra"]
[Source "ChessBase"]
[SourceDate "2017.03.02"]
[SourceVersion "1"]
[SourceVersionDate "2017.03.02"]
[SourceQuality "1"]

1. d4 Nf6 2. Nf3 g6 3. Bf4 d6 4. e3 Bg7 5. Be2 0-0 6. 0-0 Nfd7 7. h3 e5 8. Bh2 f5 9. c4 Nc6 10. Nc3 f4 11. c5 fxe3 12. fxe3 Ne7 13. cxd6 cxd6 14. Qb3+ Kh8 15. Ng5 exd4 16. Rxf8+ Qxf8 17. Rf1 Bf6 18. Nce4 Nf5 19. Bxd6 Nxd6 20. Nxd6 Qe7 21. Nge4 b6 22. Qd5 Rb8 23. Bc4 1-0

[Event "Goiania STD-ch sf"]
[Site "Goiania"]
[Date "2016.11.12"]
[Round "2"]
[White "Prol Medeiros, Horacio"]
[Black "Juliani, Sidney"]
[Result "1-0"]
[WhiteElo "2039"]
[BlackElo "1868"]
[PlyCount "55"]
[EventDate "2016.11.12"]
[EventType "swiss"]
[EventRounds "7"]
[EventCountry "BRA"]
[SourceTitle "CBM 175 Extra"]
[Source "ChessBase"]
[SourceDate "2016.12.12"]
[SourceVersion "1"]
[SourceVersionDate "2016.12.12"]
[SourceQuality "1"]

1. e4 c5 2. Nf3 e6 3. d4 cxd4 4. Nxd4 a6 5. c4 Qc7 6. Bd3 Nf6 7. 0-0 Be7 8. Nc3 0-0 9. Kh1 Nc6 10. Nxc6 dxc6 11. f4 e5 12. f5 Rd8 13. Qf3 b5 14. Ne2 Qd6 15. Bc2 Bb7 16. Bg5 Qc7 17. Ng3 Ne8 18. Be3 Nd6 19. f6 Bxf6 20. Nh5 Ne8 21. g4 Rd7 22. g5 Bd8 23. c5 Re7 24. Bb3 Bc8 25. Nf6+ gxf6 26. gxf6 Re6 27. Rg1+ Kh8 28. Qg3 1-0

[Event "Goiania-ch Etapa 03"]
[Site "Goiania"]
[Date "2016.08.28"]
[Round "6.4"]
[White "Juliani, Sidney"]
[Black "Campos, Otavio Moraes"]
[Result "1-0"]
[WhiteElo "1895"]
[BlackElo "1702"]
[PlyCount "37"]
[EventDate "2016.08.26"]
[EventType "swiss"]
[EventRounds "6"]
[EventCountry "BRA"]
[SourceTitle "EXT 2022"]
[Source "ChessBase"]
[SourceDate "2021.10.06"]
[SourceVersion "1"]
[SourceVersionDate "2021.10.06"]
[SourceQuality "1"]

1. e4 c5 2. Nc3 d6 3. f4 Nf6 4. Nf3 Nc6 5. Bc4 e6 6. 0-0 a6 7. a4 b6 8. d3 g6 9. Qe1 Bg7 10. f5 e5 11. Ng5 Rf8 12. fxg6 hxg6 13. Nd5 Ra7 14. Nxf6+ Bxf6 15. Nh7 Bh4 16. Qe3 Rh8 17. Qh6 Bf6 18. Nxf6+ Ke7 19. Nd5+ 1-0

[Event "Goiania-ch Etapa 03"]
[Site "Goiania"]
[Date "2016.08.27"]
[Round "3.1"]
[White "Garcia, Gabriel Gonzaga"]
[Black "Juliani, Sidney"]
[Result "1-0"]
[WhiteElo "2184"]
[BlackElo "1895"]
[PlyCount "41"]
[EventDate "2016.08.26"]
[EventType "swiss"]
[EventRounds "6"]
[EventCountry "BRA"]
[SourceTitle "EXT 2022"]
[Source "ChessBase"]
[SourceDate "2021.10.06"]
[SourceVersion "1"]
[SourceVersionDate "2021.10.06"]
[SourceQuality "1"]

1. e4 c5 2. Nf3 e6 3. d4 cxd4 4. Nxd4 a6 5. Nc3 Qc7 6. Be2 Be7 7. 0-0 Nf6 8. Be3 0-0 9. f4 d6 10. Bf3 Nc6 11. Qe2 Nxd4 12. Bxd4 Nd7 13. Rad1 b5 14. e5 Rb8 15. exd6 Bxd6 16. Ne4 Bxf4 17. Bh5 g6 18. Bc3 f5 19. Rxf4 Qxf4 20. Nd6 Nc5 21. g3 1-0

[Event "Goiania CXG U2200 op"]
[Site "Goiania"]
[Date "2016.07.03"]
[Round "4"]
[White "Juliani, Sidney"]
[Black "Da Silva Filho, Jair Humberto"]
[Result "1-0"]
[WhiteElo "1870"]
[BlackElo "1953"]
[PlyCount "69"]
[EventDate "2016.07.02"]
[EventType "swiss"]
[EventRounds "5"]
[EventCountry "BRA"]
[SourceTitle "CBM 173 Extra"]
[Source "ChessBase"]
[SourceDate "2016.08.29"]
[SourceVersion "1"]
[SourceVersionDate "2016.08.29"]
[SourceQuality "1"]

1. e4 c5 2. Nc3 Nc6 3. f4 g6 4. Nf3 Bg7 5. Bc4 e6 6. 0-0 Nge7 7. d3 0-0 8. Qe1 d5 9. Bb3 a6 10. a4 Nd4 11. Nxd4 cxd4 12. Nd1 dxe4 13. dxe4 d3 14. Nf2 dxc2 15. Bxc2 Qc7 16. Bb1 Nc6 17. e5 Rd8 18. Ra3 Bf8 19. Rh3 Qa5 20. Ne4 Be7 21. Qg3 Nd4 22. Qg4 Bd7 23. b4 Qxb4 24. Ba3 Qxa3 25. Rxa3 Bxa3 26. Nf6+ Kg7 27. Qh3 Bc5 28. Qxh7+ Kf8 29. Nxd7+ Rxd7 30. Qh8+ Ke7 31. Qxa8 Rd8 32. Qxb7+ Rd7 33. Qc8 Ne2+ 34. Kh1 Bd4 35. g3 1-0

[Event "Goiania op"]
[Site "Goiania"]
[Date "2016.05.14"]
[Round "4"]
[White "Ferreira, Henrique Camara"]
[Black "Juliani, Sidney"]
[Result "0-1"]
[WhiteElo "2204"]
[BlackElo "1841"]
[PlyCount "60"]
[EventDate "2016.05.13"]
[EventType "swiss"]
[EventRounds "6"]
[EventCountry "BRA"]
[SourceTitle "CBM 172 Extra"]
[Source "ChessBase"]
[SourceDate "2016.06.21"]
[SourceVersion "1"]
[SourceVersionDate "2016.06.21"]
[SourceQuality "1"]

1. d4 Nf6 2. e3 g6 3. Bd3 Bg7 4. f4 d6 5. Nf3 c5 6. c3 b6 7. 0-0 0-0 8. Qe2 Nc6 9. Rd1 cxd4 10. exd4 Bf5 11. d5 Bxd3 12. Qxd3 Nb8 13. Be3 Nbd7 14. b4 a5 15. Nbd2 axb4 16. cxb4 Re8 17. a4 e5 18. dxe6 Rxe6 19. Ra3 Ng4 20. Bd4 Bxd4+ 21. Qxd4 Qc7 22. Nc4 Rae8 23. g3 d5 24. Nce5 Ndxe5 25. fxe5 Nxe5 26. Rf1 Nc4 27. Ra2 Ne3 28. Rff2 Re4 29. Qd2 Rxb4 30. h3 Rb1+ 0-1

[Event "Pocos de Caldas op"]
[Site "Pocos de Caldas"]
[Date "2016.02.27"]
[Round "4"]
[White "Rothebarth, Ana Vitoria de Paul"]
[Black "Juliani, Sidney"]
[Result "1-0"]
[WhiteElo "2070"]
[BlackElo "1826"]
[PlyCount "67"]
[EventDate "2016.02.26"]
[EventType "swiss"]
[EventRounds "6"]
[EventCountry "BRA"]
[SourceTitle "EXT 2017"]
[Source "ChessBase"]
[SourceDate "2016.10.25"]
[SourceVersion "1"]
[SourceVersionDate "2016.10.25"]
[SourceQuality "1"]

1. e4 d6 2. d4 g6 3. f4 Bg7 4. Nf3 Nf6 5. Nc3 0-0 6. Be3 Nbd7 7. Qd2 Ng4 8. Bg1 e5 9. h3 Nh6 10. fxe5 dxe5 11. 0-0-0 exd4 12. Nxd4 Kh8 13. Be3 Ng8 14. Nf3 c6 15. h4 Qa5 16. h5 gxh5 17. Bd4 f6 18. Be2 Bh6 19. Be3 Bxe3 20. Qxe3 Rf7 21. Nd4 Ne5 22. Nb3 Qc7 23. Rxh5 Bg4 24. Bxg4 Nxg4 25. Qe2 Ne5 26. Nd4 Re8 27. Nf5 Rd7 28. Qf2 Rxd1+ 29. Nxd1 Ng6 30. Nc3 b5 31. a3 a5 32. Qc5 Nf4 33. Rh1 Qd7 34. Rd1 1-0

[Event "Florianopolis op 2nd"]
[Site "Florianopolis"]
[Date "2016.01.19"]
[Round "5"]
[White "Juliani, Sidney"]
[Black "Escofet Fernandez, Jaime"]
[Result "0-1"]
[WhiteElo "1841"]
[BlackElo "2063"]
[PlyCount "78"]
[EventDate "2016.01.16"]
[EventType "swiss"]
[EventRounds "10"]
[EventCountry "BRA"]
[SourceTitle "CBM 170 Extra"]
[Source "ChessBase"]
[SourceDate "2016.02.25"]
[SourceVersion "1"]
[SourceVersionDate "2016.02.25"]
[SourceQuality "1"]

1. e4 c6 2. Nc3 d5 3. Nf3 Bg4 4. exd5 cxd5 5. d4 Nf6 6. Be2 e6 7. 0-0 Nc6 8. Bg5 Be7 9. Ne5 Bxe2 10. Nxe2 0-0 11. Ng3 Rc8 12. c3 b5 13. Nxc6 Rxc6 14. Qb3 Rb6 15. Rfe1 Qc7 16. Rac1 Rc8 17. Qd1 Rc6 18. Qf3 a5 19. Bf4 Bd6 20. Be5 Bxe5 21. dxe5 Nd7 22. Qe3 b4 23. Ne2 Qxe5 24. Qxe5 Nxe5 25. Nd4 Rc4 26. Rcd1 Nd7 27. cxb4 axb4 28. g3 g6 29. Kg2 Kg7 30. Re3 Ra8 31. a3 bxa3 32. bxa3 e5 33. Nb5 d4 34. Rf3 Rc6 35. Ra1 Ra5 36. a4 Nb6 37. Rfa3 Rc4 38. Re1 Rc5 39. f4 Rcxb5 0-1

[Event "Goiania Goias Cup"]
[Site "Goiania"]
[Date "2015.09.26"]
[Round "4"]
[White "Montufar Berrios, Eymi Priscila"]
[Black "Juliani, Sidney"]
[Result "0-1"]
[WhiteElo "1695"]
[BlackElo "1856"]
[PlyCount "92"]
[EventDate "2015.09.25"]
[EventType "swiss"]
[EventRounds "6"]
[EventCountry "BRA"]
[SourceTitle "EXT 2016"]
[Source "ChessBase"]
[SourceDate "2015.10.08"]
[SourceVersion "1"]
[SourceVersionDate "2015.10.08"]
[SourceQuality "1"]

1. e4 c5 2. Nf3 g6 3. d4 cxd4 4. Nxd4 Bg7 5. Be3 Nc6 6. Nc3 Nf6 7. Be2 d6 8. 0-0 0-0 9. Kh1 Bd7 10. f4 Nxd4 11. Bxd4 Bc6 12. Bf3 Qa5 13. Qe2 Qb4 14. Rfd1 Nd7 15. Bxg7 Kxg7 16. Rab1 Rad8 17. Qf2 f5 18. a3 Qc5 19. Qe2 fxe4 20. Nxe4 Qf5 21. g3 Nc5 22. Nxc5 Qxc5 23. c3 Qh5 24. Rf1 g5 25. g4 Qxg4 26. Rf2 Bxf3+ 27. Qxf3 Qxf3+ 28. Rxf3 Rxf4 29. Rg3 Kf6 30. Kg2 h5 31. Re1 g4 32. h3 e5 33. hxg4 Rxg4 34. Kf3 Rxg3+ 35. Kxg3 Rg8+ 36. Kf3 Kf5 37. c4 Rg4 38. b3 h4 39. Rb1 Rg3+ 40. Kf2 Kf4 41. a4 h3 42. b4 h2 43. Rh1 Ra3 44. a5 Ra2+ 45. Kf1 Kf3 46. Rxh2 Ra1# 0-1

[Event "Belem Velha op 3rd"]
[Site "Belem"]
[Date "2015.05.03"]
[Round "7"]
[White "Alves, Sergio Carlos"]
[Black "Juliani, Sidney"]
[Result "1-0"]
[WhiteElo "1942"]
[BlackElo "1849"]
[PlyCount "80"]
[EventDate "2015.04.30"]
[EventType "swiss"]
[EventRounds "7"]
[EventCountry "BRA"]
[SourceTitle "CBM 166 Extra"]
[Source "ChessBase"]
[SourceDate "2015.06.18"]
[SourceVersion "1"]
[SourceVersionDate "2015.06.18"]
[SourceQuality "1"]

1. d4 f5 2. Nf3 Nf6 3. Nc3 g6 4. g3 Bg7 5. Bg2 0-0 6. 0-0 c6 7. Re1 d6 8. d5 cxd5 9. Nxd5 Nc6 10. Ng5 e6 11. Nf4 Qe7 12. c3 Ne5 13. Qb3 d5 14. Be3 h6 15. Nf3 Nxf3+ 16. exf3 Kh7 17. Nd3 b6 18. Bd4 g5 19. Bh3 g4 20. fxg4 Nxg4 21. Qxd5 Bxd4 22. cxd4 Rb8 23. Bxg4 fxg4 24. Nf4 Qf7 25. Qe4+ Kg8 26. Rac1 Rb7 27. h3 Re7 28. Qe5 Bb7 29. Rc2 Rd8 30. Rec1 Red7 31. Rc7 Rxd4 32. f3 Rd1+ 33. Rxd1 Rxd1+ 34. Kf2 Rd2+ 35. Kg1 Rd7 36. Rxd7 Qxd7 37. Qxe6+ Qxe6 38. Nxe6 Bxf3 39. Nd4 Be4 40. Kf2 Bb7 1-0

[Event "Belem Velha op 3rd"]
[Site "Belem"]
[Date "2015.05.01"]
[Round "3"]
[White "Juliani, Sidney"]
[Black "Abreu, Nilton Silva"]
[Result "1-0"]
[WhiteElo "1849"]
[BlackElo "2055"]
[PlyCount "55"]
[EventDate "2015.04.30"]
[EventType "swiss"]
[EventRounds "7"]
[EventCountry "BRA"]
[SourceTitle "CBM 166 Extra"]
[Source "ChessBase"]
[SourceDate "2015.06.18"]
[SourceVersion "1"]
[SourceVersionDate "2015.06.18"]
[SourceQuality "1"]

1. e4 Nc6 2. Nc3 a6 3. Bc4 e6 4. Nf3 Bb4 5. 0-0 Nge7 6. Qe2 b5 7. Bb3 Bb7 8. a4 Na5 9. axb5 Nxb3 10. cxb3 axb5 11. Rxa8 Qxa8 12. Nxb5 0-0 13. d3 Qa5 14. Na3 d5 15. Bd2 Qb6 16. Be3 Qa6 17. Nc2 dxe4 18. Nxb4 exf3 19. Qxf3 Qb5 20. Qg4 c5 21. Na2 Bd5 22. Nc3 Qxb3 23. Bxc5 Re8 24. Bxe7 Rxe7 25. Nxd5 Qxd5 26. Qc4 Qb7 27. Rc1 Re8 28. b4 1-0